| 000 | 00871cam a22002774a 4500 | ||
|---|---|---|---|
| 001 | 46359255 | ||
| 003 | OCoLC | ||
| 005 | 20150408113724.0 | ||
| 008 | 010226s2001 flua b 001 0 eng | ||
| 010 | _a2001028218 | ||
| 020 | _a1584882301 (alk. paper) | ||
| 035 | _a.b55510991 | ||
| 040 |
_aDLC _cDLC |
||
| 042 | _apcc | ||
| 049 | _aOSUU | ||
| 050 | 0 | 0 |
_aTA1677 _b.D69 2001 |
| 082 | 0 | 0 |
_a621.36/6 _221 |
| 100 | 1 |
_aDowden, John Michael. _94619 |
|
| 245 | 1 | 4 |
_aThe mathematics of thermal modeling _ban introduction to the theory of laser material processing / _cJohn Michael Dowden. |
| 260 |
_aBoca Raton _bChapman & Hall/CRC, _cc2001. |
||
| 300 |
_bill. ; _c25 cm. _axii, 291 p |
||
| 504 | _aLa | ||
| 650 |
_aLasers _xIndustrial applications _xMathematical models. 0 _94620 |
||
| 650 | a | t |
_aHeat _xTransmission _xMathematical models.\\ _94621 |
| 942 |
_2ddc _cDVD |
||
| 999 |
_c904 _d235404 |
||